00835nam a22002297a 4500008004100000020001500041040001800056041000800074060001600082100002100098245012000119250001200239260006600251300003800317504005300355650001700408650004300425650003600468650005200504700002800556700002100584130821s2000 xxua gr eng  a0205318908 aCo-BoUCMbspa00aeng aWL 340.2251 aHall, Barbara J.10aSpeech, language, and hearing disorders a guide for the teachercBarbara J. Hall, Herbert J. Over, William H. Haas a3a. Ed. aBoston (Massachusetts, Estados Unidos)bAllyn and Baconc2000 axiv, 202 páginasbilustraciones aIncluye refeerncias bibliográficas e índice.04aNeurología04aTrastornos de la audición en niños04aTrastornos del habla en niños04aTrastornos del habla en niñoszEstados Unidos1 aHaas, William H.d1931-1 aOyer, Herbert J.